Personnages de Gravity Falls - Trombinoscope - Statistiques

Statistiques générales
  • Ce quiz a été pris 130 fois
  • Le résultat moyen est 22 sur 30
Statistiques - réponses
Hint Extra Hint Réponse % Correct
Wendy Cliquez sur le personnage
96%
Mabel Pines Cliquez sur le personnage
96%
Stanley Pines Cliquez sur le personnage
94%
Mousse Ramirez Cliquez sur le personnage
94%
Dipper Pines Cliquez sur le personnage
92%
Dandinou Cliquez sur le personnage
92%
Vieux McCroquette Cliquez sur le personnage
90%
Pacifica Northwest Cliquez sur le personnage
88%
Gideon Cliquez sur le personnage
87%
Bill Crypto Cliquez sur le personnage
87%
Le Bébé du Temps Cliquez sur le personnage
86%
Ford Pines Cliquez sur le personnage
81%
Candy Cliquez sur le personnage
79%
Grenda Cliquez sur le personnage
77%
Sheriff Blubs Cliquez sur le personnage
77%
Adjoint Durland Cliquez sur le personnage
76%
Celestabellabethabelle Cliquez sur le personnage
75%
Robby Valentino Cliquez sur le personnage
75%
Susan Wentworth Cliquez sur le personnage
74%
Abuelita Cliquez sur le personnage
74%
.GIFfany Cliquez sur le personnage
70%
Sirando Cliquez sur le personnage
67%
Sir Lord Quentin Trembley III Cliquez sur le personnage
64%
Punchy McBiceps Cliquez sur le personnage
60%
Shandra Jimenez Cliquez sur le personnage
56%
Blendin Blandin Cliquez sur le personnage
48%
Tyler Cutebiker Cliquez sur le personnage
46%
Toby Determined Cliquez sur le personnage
37%
Bud Gleeful Cliquez sur le personnage
35%
Dan Corduroy Cliquez sur le personnage
24%
Aucun quiz correspondant
Distribution des résultats
% des personnes avec chaque résultat
Percentile par nombre de réponses
Votre historique - résultats
Vous n’avez pas pris ce quiz